[Event "Grand Swiss - Femmes"]
[Date "2025.09.13"]
[White "Lagno, Kateryna"]
[Black "Assaubayeva, Bibisara"]
[WhiteElo "2505"]
[BlackElo "2505"]
[Round "9.9.1"]
[Result "1/2-1/2"]

1. d4 {[%clk 01:30:55] [%emt 00:00:04]} Nf6 {[%clk 01:30:24] [%emt 00:00:36]} 2.
c4 {[%clk 01:31:10] [%emt 00:00:15]} g6 {[%clk 01:30:24] [%emt 00:00:29]} 3. Nc3
{[%clk 01:31:26] [%emt 00:00:14]} Bg7 {[%clk 01:30:32] [%emt 00:00:23]} 4. e4
{[%clk 01:31:42] [%emt 00:00:14]} d6 {[%clk 01:30:56] [%emt 00:00:06]} 5. Nf3
{[%clk 01:32:02] [%emt 00:00:10]} O-O {[%clk 01:31:19] [%emt 00:00:07]} 6. Be2
{[%clk 01:32:28] [%emt 00:00:04]} e5 {[%clk 01:31:44] [%emt 00:00:05]} 7. O-O
{[%clk 01:32:46] [%emt 00:00:12]} h6 {[%clk 01:32:10] [%emt 00:00:04]} 8. dxe5
{[%clk 01:32:41] [%emt 00:00:34]} dxe5 {[%clk 01:32:35] [%emt 00:00:06]} 9. Be3
{[%clk 01:32:55] [%emt 00:00:16]} Nbd7 {[%emt 00:11:23]} 10. h3 {[%clk 01:26:42]
[%emt 00:01:26]} c6 {[%clk 01:24:37] [%emt 00:02:52]} 11. Qd6 {[%clk 01:17:35]
[%emt 00:09:37]} Ne8 {[%clk 01:13:16] [%emt 00:11:51]} 12. Qd2 {[%clk 01:17:34]
[%emt 00:00:31]} Kh7 {[%emt 00:09:21]} 13. c5 {[%emt 00:17:51]} Qe7 {[%clk
00:54:00] [%emt 00:09:05]} 14. b4 {[%clk 00:50:55] [%emt 00:11:38]} a5 {[%clk
00:52:14] [%emt 00:02:15]} 15. a3 {[%clk 00:49:22] [%emt 00:02:04]} f5 {[%clk
00:52:10] [%emt 00:00:34]} 16. exf5 {[%clk 00:45:40] [%emt 00:04:12]} gxf5
{[%clk 00:52:29] [%emt 00:00:10]} 17. Rad1 {[%clk 00:39:06] [%emt 00:07:04]}
axb4 {[%clk 00:46:48] [%emt 00:06:12]} 18. axb4 {[%clk 00:38:08] [%emt
00:01:28]} e4 {[%clk 00:44:39] [%emt 00:02:39]} 19. Nh2 {[%clk 00:37:14] [%emt
00:01:24]} Nc7 {[%clk 00:35:20] [%emt 00:09:50]} 20. Bf4 {[%clk 00:25:22] [%emt
00:12:21]} Ne5 {[%clk 00:32:17] [%emt 00:03:32]} 21. Qd6 {[%clk 00:23:17] [%emt
00:02:35]} Qxd6 {[%clk 00:32:03] [%emt 00:00:44]} 22. cxd6 {[%clk 00:21:02]
[%emt 00:02:45]} Ne6 {[%clk 00:32:32] [%emt 00:00:01]} 23. Bxe5 {[%clk 00:19:58]
[%emt 00:01:35]} Bxe5 {[%clk 00:33:00] [%emt 00:00:02]} 24. d7 {[%clk 00:14:13]
[%emt 00:06:14]} Bxc3 {[%clk 00:31:47] [%emt 00:01:42]} 25. dxc8=Q {[%clk
00:14:32] [%emt 00:00:12]} Raxc8 {[%clk 00:31:23] [%emt 00:00:54]} 26. Rd7+
{[%clk 00:14:57] [%emt 00:00:05]} Kg6 {[%clk 00:30:42] [%emt 00:01:10]} 27. Rc1
{[%clk 00:11:11] [%emt 00:04:17]} Bxb4 {[%clk 00:28:19] [%emt 00:02:54]} 28.
Rxb7 {[%clk 00:11:36] [%emt 00:00:04]} Nd4 {[%clk 00:27:38] [%emt 00:01:11]} 29.
Ba6 {[%clk 00:10:42] [%emt 00:01:23]} Rb8 {[%clk 00:27:06] [%emt 00:01:02]} 30.
Rc7 {[%clk 00:08:16] [%emt 00:02:57]} c5 {[%clk 00:26:26] [%emt 00:01:10]} 31.
g3 {[%clk 00:08:13] [%emt 00:00:33]} Rf7 {[%clk 00:20:25] [%emt 00:06:31]} 32.
Rxf7 {[%clk 00:08:25] [%emt 00:00:18]} Kxf7 {[%clk 00:20:53] [%emt 00:00:01]}
33. Bc4+ {[%clk 00:08:31] [%emt 00:00:24]} Kf6 {[%clk 00:17:12] [%emt 00:04:11]}
34. Ra1 {[%clk 00:08:11] [%emt 00:00:50]} Bd2 {[%clk 00:15:49] [%emt 00:01:54]}
35. Nf1 {[%clk 00:07:31] [%emt 00:01:09]} Rb2 {[%clk 00:15:08] [%emt 00:01:10]}
36. Ra6+ {[%clk 00:03:56] [%emt 00:04:06]} Ke7 {[%clk 00:08:58] [%emt 00:06:40]}
37. Nxd2 {[%clk 00:03:57] [%emt 00:00:29]} Rxd2 {[%clk 00:09:25] [%emt
00:00:03]} 38. Rxh6 {[%clk 00:04:09] [%emt 00:00:18]} Rc2 {[%clk 00:09:44] [%emt
00:00:11]} 39. Bd5 {[%clk 00:03:16] [%emt 00:01:23]} c4 {[%clk 00:08:59] [%emt
00:01:15]} 40. g4 {[%clk 00:03:03] [%emt 00:00:42]} Ne2+ {[%clk 00:04:44] [%emt
00:04:45]} 41. Kh1 {[%clk 00:28:45] [%emt 00:04:48]} Nf4 {[%clk 00:33:33] [%emt
00:01:41]} 42. Bg8 {[%emt 00:10:07]} Kf8 {[%clk 00:19:15] [%emt 00:09:21]} 43.
Bxc4 {[%clk 00:23:05] [%emt 00:02:00]} Rxc4 {[%clk 00:19:23] [%emt 00:00:23]}
44. Rf6+ {[%clk 00:23:31] [%emt 00:00:04]} Ke7 {[%clk 00:19:33] [%emt 00:00:20]}
45. Rxf5 {[%clk 00:23:56] [%emt 00:00:06]} Nd3 {[%clk 00:19:17] [%emt 00:00:45]}
46. Kg2 {[%clk 00:22:27] [%emt 00:01:58]} Ke6 {[%clk 00:18:29] [%emt 00:01:19]}
47. Kg3 {[%clk 00:18:28] [%emt 00:04:29]} Rc3 {[%clk 00:15:18] [%emt 00:03:41]}
48. h4 {[%clk 00:18:09] [%emt 00:00:49]} Rc1 {[%clk 00:10:05] [%emt 00:05:43]}
49. h5 {[%clk 00:14:25] [%emt 00:04:14]} Rg1+ {[%clk 00:09:16] [%emt 00:01:18]}
50. Kh3 {[%clk 00:12:14] [%emt 00:02:41]} Ne5 {[%clk 00:08:47] [%emt 00:00:59]}
51. Rg5 {[%clk 00:09:04] [%emt 00:03:40]} Nf3 {[%clk 00:06:56] [%emt 00:02:21]}
52. Rf5 {[%clk 00:09:18] [%emt 00:00:17]} Ne5 {[%clk 00:06:57] [%emt 00:00:29]}
53. Rg5 {[%clk 00:09:43] [%emt 00:00:05]} Kd5 {[%clk 00:06:01] [%emt 00:01:25]}
54. Kh2 {[%clk 00:04:24] [%emt 00:05:49]} Rxg4 {[%clk 00:06:02] [%emt 00:00:29]}
55. Rxg4 {[%clk 00:04:49] [%emt 00:00:06]} Nxg4+ {[%clk 00:06:28] [%emt
00:00:04]} 56. Kg3 {[%clk 00:05:16] [%emt 00:00:03]} Nf6 {[%clk 00:06:51] [%emt
00:00:06]} 57. Kh4 {[%clk 00:05:23] [%emt 00:00:23]} Nh7 {[%clk 00:04:24] [%emt
00:02:57]} 58. Kg4 {[%clk 00:04:32] [%emt 00:01:22]} Ke5 {[%clk 00:03:36] [%emt
00:01:18]} 59. h6 {[%clk 00:04:44] [%emt 00:00:18]} 1/2-1/2

[Site "Europe Echecs"]

[Event "Grand Swiss - Femmes"]
[Date "2025.09.13"]
[White "Muzychuk, Mariya"]
[Black "Ushenina, Anna"]
[WhiteElo "2484"]
[BlackElo "2409"]
[Round "9.9.5"]
[Result "1-0"]

1. e4 {[%clk 01:30:59]} d6 {[%clk 01:30:45] [%emt 00:00:16]} 2. d4 {[%clk
01:31:24] [%emt 00:00:05]} Nf6 {[%clk 01:31:09] [%emt 00:00:06]} 3. Nc3 {[%clk
01:31:52] [%emt 00:00:02]} e5 {[%clk 01:31:31] [%emt 00:00:08]} 4. Nf3 {[%clk
01:32:17] [%emt 00:00:05]} Nbd7 {[%clk 01:31:47] [%emt 00:00:14]} 5. Bc4 {[%clk
01:32:43] [%emt 00:00:05]} Be7 {[%clk 01:32:01] [%emt 00:00:16]} 6. a4 {[%clk
01:33:04] [%emt 00:00:09]} O-O {[%clk 01:31:58] [%emt 00:00:32]} 7. O-O {[%clk
01:33:31] [%emt 00:00:03]} c6 {[%clk 01:32:07] [%emt 00:00:21]} 8. Re1 {[%clk
01:33:58] [%emt 00:00:03]} h6 {[%clk 01:29:53] [%emt 00:02:44]} 9. h3 {[%clk
01:33:44] [%emt 00:00:43]} Re8 {[%clk 01:29:41] [%emt 00:00:41]} 10. Be3 {[%clk
01:28:58] [%emt 00:05:17]} exd4 {[%clk 01:25:10] [%emt 00:05:01]} 11. Bxd4
{[%clk 01:23:05] [%emt 00:06:23]} Nf8 {[%clk 01:17:38] [%emt 00:08:02]} 12. e5
{[%clk 01:17:40] [%emt 00:05:55]} dxe5 {[%clk 01:17:51] [%emt 00:00:17]} 13.
Nxe5 {[%clk 01:17:49] [%emt 00:00:21]} Be6 {[%clk 01:16:22] [%emt 00:01:58]} 14.
Qd3 {[%clk 01:11:55] [%emt 00:06:25]} Bd6 {[%clk 00:53:34] [%emt 00:23:18]} 15.
Rad1 {[%clk 00:53:50] [%emt 00:18:35]} Qc7 {[%clk 00:40:59] [%emt 00:13:06]} 16.
Nf3 {[%clk 00:35:18] [%emt 00:19:01]} Bxc4 {[%clk 00:33:53] [%emt 00:07:36]} 17.
Qxc4 {[%clk 00:35:44] [%emt 00:00:04]} Rxe1+ {[%clk 00:33:12] [%emt 00:01:11]}
18. Rxe1 {[%clk 00:35:56] [%emt 00:00:18]} N8d7 {[%clk 00:32:16] [%emt
00:01:26]} 19. Ne4 {[%clk 00:33:46] [%emt 00:02:40]} Nd5 {[%clk 00:19:58] [%emt
00:12:48]} 20. Nxd6 {[%clk 00:32:30] [%emt 00:01:45]} Qxd6 {[%clk 00:20:27]
[%emt 00:00:02]} 21. Qd3 {[%clk 00:32:26] [%emt 00:00:34]} Nf4 {[%clk 00:15:36]
[%emt 00:05:21]} 22. Qf5 {[%clk 00:30:06] [%emt 00:02:50]} Ne6 {[%clk 00:15:36]
[%emt 00:00:29]} 23. Qg4 {[%clk 00:27:02] [%emt 00:03:36]} Ndf8 {[%clk 00:13:05]
[%emt 00:03:02]} 24. Be5 {[%clk 00:22:58] [%emt 00:04:33]} Qc5 {[%clk 00:05:15]
[%emt 00:08:20]} 25. Bc3 {[%clk 00:12:13] [%emt 00:11:15]} Rd8 {[%clk 00:05:07]
[%emt 00:00:37]} 26. h4 {[%clk 00:10:41] [%emt 00:02:03]} Rd5 {[%clk 00:04:05]
[%emt 00:01:32]} 27. Ne5 {[%clk 00:10:14] [%emt 00:00:56]} Qd6 {[%clk 00:00:46]
[%emt 00:03:49]} 28. Nc4 {[%clk 00:08:44] [%emt 00:02:00]} Qf4 {[%clk 00:00:42]
[%emt 00:00:34]} 29. Qxf4 {[%emt 00:01:43]} Nxf4 30. Na5 {[%clk 00:05:17] [%emt
00:02:44]} Rd7 {[%clk 00:01:14] [%emt 00:00:28]} 31. Re8 {[%clk 00:05:33] [%emt
00:00:14]} N4e6 {[%clk 00:00:37] [%emt 00:01:07]} 32. Ra8 {[%clk 00:04:48] [%emt
00:01:14]} a6 {[%clk 00:00:45] [%emt 00:00:21]} 33. Bb4 {[%clk 00:05:03] [%emt
00:00:16]} c5 {[%clk 00:01:01] [%emt 00:00:14]} 34. Ba3 {[%clk 00:05:15] [%emt
00:00:18]} b6 {[%clk 00:00:49] [%emt 00:00:42]} 35. Nc6 {[%clk 00:04:08] [%emt
00:01:36]} Rc7 {[%clk 00:01:05] [%emt 00:00:15]} 36. Ne5 {[%clk 00:04:15] [%emt
00:00:23]} f6 {[%clk 00:01:14] [%emt 00:00:22]} 37. Ng6 {[%clk 00:03:58] [%emt
00:00:47]} a5 {[%clk 00:00:43] [%emt 00:01:01]} 38. Rb8 {[%clk 00:03:44] [%emt
00:00:44]} Kf7 {[%clk 00:00:40] [%emt 00:00:33]} 39. Nxf8 {[%clk 00:04:06] [%emt
00:00:08]} Nxf8 {[%clk 00:01:08] [%emt 00:00:01]} 40. Rxb6 {[%clk 00:04:26]
[%emt 00:00:10]} Ne6 {[%clk 00:01:16] [%emt 00:00:22]} 41. Rb5 {[%clk 00:03:50]
[%emt 00:01:06]} c4 {[%clk 00:27:07] [%emt 00:04:39]} 42. c3 {[%clk 00:31:13]
[%emt 00:03:08]} Ra7 {[%clk 00:27:26] [%emt 00:00:10]} 43. Rb6 {[%clk 00:30:33]
[%emt 00:01:10]} Rd7 {[%clk 00:22:06] [%emt 00:05:50]} 44. Rc6 {[%clk 00:29:52]
[%emt 00:01:11]} Rd1+ {[%clk 00:22:29] [%emt 00:00:08]} 45. Kh2 {[%clk 00:30:20]
[%emt 00:00:02]} Rd2 {[%clk 00:22:54] [%emt 00:00:04]} 46. Kg3 {[%clk 00:29:35]
[%emt 00:01:16]} Rd3+ {[%clk 00:19:55] [%emt 00:03:29]} 47. f3 {[%clk 00:29:38]
[%emt 00:00:27]} g5 {[%clk 00:20:01] [%emt 00:00:23]} 48. hxg5 {[%clk 00:18:22]
[%emt 00:11:47]} hxg5 {[%clk 00:08:04] [%emt 00:12:27]} 49. Kg4 {[%clk 00:18:18]
[%emt 00:00:34]} Nf4 {[%clk 00:02:05] [%emt 00:06:28]} 50. g3 {[%clk 00:18:07]
[%emt 00:00:42]} Nd5 {[%clk 00:02:24] [%emt 00:00:11]} 51. Bc5 {[%clk 00:17:07]
[%emt 00:01:30]} Rd2 {[%clk 00:02:14] [%emt 00:00:40]} 52. Bd4 {[%clk 00:17:19]
[%emt 00:00:18]} Ke7 {[%clk 00:00:35] [%emt 00:02:09]} 53. Rxc4 {[%clk 00:16:46]
[%emt 00:01:03]} Rxb2 {[%clk 00:01:02] [%emt 00:00:03]} 54. Rc5 {[%clk 00:17:06]
[%emt 00:00:10]} Kd6 {[%clk 00:00:35] [%emt 00:00:57]} 55. c4 {[%clk 00:15:31]
[%emt 00:02:04]} Nb6 {[%clk 00:00:51] [%emt 00:00:14]} 56. Rxa5 {[%clk 00:15:39]
[%emt 00:00:23]} Nxc4 {[%clk 00:00:39] [%emt 00:00:42]} 57. Ra6+ {[%clk
00:15:55] [%emt 00:00:14]} Kd5 {[%clk 00:00:45] [%emt 00:00:24]} 58. Bxb2 {[%clk
00:16:16] [%emt 00:00:09]} Ne3+ {[%clk 00:00:37] [%emt 00:00:37]} 59. Kh5 {[%clk
00:16:38] [%emt 00:00:08]} 1-0

[Site "Europe Echecs"]

[Event "Grand Swiss - Femmes"]
[Date "2025.09.13"]
[White "Muzychuk, Anna"]
[Black "Khamdamova, Afruza"]
[WhiteElo "2535"]
[BlackElo "2409"]
[Round "9.9.6"]
[Result "1-0"]

1. e4 {[%clk 01:30:58] [%emt 00:00:01]} e5 {[%clk 01:30:52] [%emt 00:00:08]} 2.
Nf3 {[%clk 01:31:23] [%emt 00:00:05]} Nc6 {[%clk 01:31:18] [%emt 00:00:04]} 3.
Bc4 {[%clk 01:31:47] [%emt 00:00:06]} Nf6 {[%clk 01:31:42] [%emt 00:00:05]} 4.
d3 {[%clk 01:32:11] [%emt 00:00:07]} Bc5 {[%clk 01:32:08] [%emt 00:00:04]} 5.
O-O {[%clk 01:32:34] [%emt 00:00:07]} d6 {[%clk 01:30:38] [%emt 00:01:59]} 6. c3
{[%clk 01:32:55] [%emt 00:00:09]} a5 {[%clk 01:31:04] [%emt 00:00:04]} 7. Re1
{[%clk 01:33:03] [%emt 00:00:22]} Ba7 {[%clk 01:30:09] [%emt 00:01:26]} 8. Bb3
{[%clk 01:33:03] [%emt 00:00:31]} h6 {[%clk 01:30:28] [%emt 00:00:10]} 9. Nbd2
{[%clk 01:32:46] [%emt 00:00:46]} O-O {[%clk 01:29:58] [%emt 00:01:00]} 10. h3
{[%clk 01:32:42] [%emt 00:00:34]} Be6 {[%clk 01:29:37] [%emt 00:00:52]} 11. Ba4
{[%clk 01:33:04] [%emt 00:00:08]} Ne7 {[%clk 01:28:39] [%emt 00:01:28]} 12. d4
{[%clk 01:32:58] [%emt 00:00:37]} Ng6 {[%clk 01:29:03] [%emt 00:00:05]} 13. Bc2
{[%clk 01:33:03] [%emt 00:00:25]} c6 {[%clk 01:23:43] [%emt 00:05:50]} 14. Nf1
{[%clk 01:32:52] [%emt 00:00:42]} Qc7 {[%clk 01:08:03] [%emt 00:16:10]} 15. Be3
{[%clk 01:27:04] [%emt 00:06:17]} Rfe8 {[%clk 01:04:32] [%emt 00:04:01]} 16. Ng3
{[%clk 01:24:48] [%emt 00:02:46]} Kh7 {[%clk 01:00:32] [%emt 00:04:30]} 17. Qd2
{[%clk 01:15:44] [%emt 00:09:34]} Rad8 {[%clk 00:59:53] [%emt 00:01:08]} 18. a4
{[%clk 01:15:24] [%emt 00:00:51]} Bb6 {[%clk 00:47:58] [%emt 00:12:24]} 19. Rad1
{[%clk 01:13:35] [%emt 00:02:19]} Qb8 {[%clk 00:42:21] [%emt 00:06:07]} 20. b3
{[%clk 00:55:28] [%emt 00:18:38]} Bc7 {[%clk 00:37:35] [%emt 00:05:16]} 21. c4
{[%clk 00:52:34] [%emt 00:03:24]} d5 {[%clk 00:34:25] [%emt 00:03:39]} 22. cxd5
{[%clk 00:42:50] [%emt 00:10:15]} cxd5 {[%clk 00:34:32] [%emt 00:00:23]} 23.
Nxe5 {[%clk 00:42:46] [%emt 00:00:35]} dxe4 {[%clk 00:27:53] [%emt 00:07:08]}
24. Nxg6 {[%clk 00:42:55] [%emt 00:00:21]} Bxg3 {[%clk 00:25:17] [%emt
00:03:06]} 25. Nf4 {[%clk 00:39:18] [%emt 00:04:07]} Bxf4 {[%clk 00:22:15] [%emt
00:03:32]} 26. Bxf4 {[%clk 00:39:47] [%emt 00:00:01]} Qc8 {[%clk 00:21:27] [%emt
00:01:17]} 27. Rc1 {[%clk 00:36:00] [%emt 00:04:18]} Qd7 {[%clk 00:17:28] [%emt
00:04:29]} 28. Qxa5 {[%clk 00:34:42] [%emt 00:01:48]} Qxd4 {[%clk 00:15:50]
[%emt 00:02:08]} 29. Red1 {[%clk 00:17:46] [%emt 00:17:26]} Rd5 {[%clk 00:11:58]
[%emt 00:04:23]} 30. Rxd4 {[%clk 00:16:19] [%emt 00:01:57]} Rxa5 {[%clk
00:12:25] [%emt 00:00:03]} 31. Bxe4+ {[%clk 00:16:17] [%emt 00:00:31]} Nxe4
{[%clk 00:12:36] [%emt 00:00:20]} 32. Rxe4 {[%clk 00:16:46]} Raa8 {[%clk
00:10:44] [%emt 00:02:22]} 33. Rb4 {[%clk 00:16:13] [%emt 00:01:04]} Bd5 {[%clk
00:10:55] [%emt 00:00:18]} 34. Rc7 {[%clk 00:12:22] [%emt 00:04:21]} Re1+ {[%clk
00:07:34] [%emt 00:03:51]} 35. Kh2 {[%clk 00:12:51] [%emt 00:00:01]} Rb1 {[%clk
00:07:24] [%emt 00:00:40]} 36. Rb5 {[%clk 00:10:19] [%emt 00:03:03]} Rd8 {[%clk
00:03:55] [%emt 00:03:59]} 37. b4 {[%clk 00:07:06] [%emt 00:03:42]} Kg8 {[%clk
00:03:46] [%emt 00:00:39]} 38. Rb6 {[%clk 00:01:19] [%emt 00:06:18]} Be4 {[%clk
00:02:57] [%emt 00:01:19]} 39. Be3 {[%clk 00:01:06] [%emt 00:00:43]} Ra8 {[%clk
00:01:39] [%emt 00:01:48]} 40. Rc4 {[%clk 00:00:39] [%emt 00:00:56]} Re8 {[%clk
00:00:51] [%emt 00:01:18]} 41. a5 {[%clk 00:25:05] [%emt 00:06:05]} Rb2 {[%clk
00:21:57] [%emt 00:09:23]} 42. Bc5 {[%clk 00:22:44] [%emt 00:02:52]} Ra2 {[%clk
00:20:03] [%emt 00:02:24]} 43. Rd4 {[%clk 00:20:37] [%emt 00:02:36]} Re5 {[%clk
00:19:14] [%emt 00:01:19]} 44. Rd8+ {[%clk 00:13:49] [%emt 00:07:19]} Kh7 {[%clk
00:19:36] [%emt 00:00:08]} 45. Be3 {[%clk 00:14:10] [%emt 00:00:09]} Bc6 {[%clk
00:18:46] [%emt 00:01:20]} 46. Rd3 {[%clk 00:14:09] [%emt 00:00:32]} Rb5 {[%clk
00:16:59] [%emt 00:02:17]} 47. Rxb5 {[%clk 00:13:38] [%emt 00:01:01]} Bxb5
{[%clk 00:17:28]} 48. Rd5 {[%clk 00:13:52] [%emt 00:00:16]} Bc6 {[%clk 00:17:40]
[%emt 00:00:19]} 49. Re5 {[%clk 00:12:28] [%emt 00:01:54]} Rb2 {[%clk 00:17:46]
[%emt 00:00:25]} 50. Bc5 {[%clk 00:12:52] [%emt 00:00:05]} Rb3 {[%clk 00:17:44]
[%emt 00:00:31]} 51. Re7 {[%clk 00:13:06] [%emt 00:00:16]} Kg6 {[%clk 00:15:26]
[%emt 00:02:49]} 52. Rc7 {[%clk 00:13:22] [%emt 00:00:14]} Bd5 {[%clk 00:09:11]
[%emt 00:06:45]} 53. Rd7 {[%clk 00:13:35] [%emt 00:00:18]} Rd3 {[%clk 00:08:55]
[%emt 00:00:45]} 54. b5 {[%clk 00:11:28] [%emt 00:02:37]} Be4 {[%clk 00:08:41]
[%emt 00:00:43]} 55. Re7 {[%clk 00:11:43] [%emt 00:00:15]} Bd5 {[%clk 00:07:55]
[%emt 00:01:16]} 56. a6 {[%clk 00:08:44] [%emt 00:03:29]} bxa6 {[%clk 00:08:21]
[%emt 00:00:04]} 57. bxa6 {[%clk 00:09:08] [%emt 00:00:06]} Rc3 {[%clk 00:08:38]
[%emt 00:00:13]} 58. Be3 {[%clk 00:09:25] [%emt 00:00:13]} Ra3 {[%clk 00:08:43]
[%emt 00:00:25]} 59. a7 {[%clk 00:09:41] [%emt 00:00:15]} Kf6 {[%clk 00:08:31]
[%emt 00:00:42]} 60. Re8 {[%clk 00:09:51] [%emt 00:00:20]} Ra4 {[%clk 00:08:42]
[%emt 00:00:19]} 61. Kg3 {[%clk 00:08:25] [%emt 00:01:57]} h5 {[%clk 00:08:34]
[%emt 00:00:37]} 62. Rh8 {[%clk 00:06:32] [%emt 00:02:23]} g6 {[%clk 00:08:49]
[%emt 00:00:16]} 63. f3 {[%clk 00:06:31] [%emt 00:00:32]} Ke6 {[%clk 00:06:42]
[%emt 00:02:35]} 64. h4 {[%clk 00:06:39] [%emt 00:00:22]} Bc6 {[%clk 00:05:37]
[%emt 00:01:35]} 65. Rd8 {[%clk 00:06:16] [%emt 00:00:52]} Ra6 {[%clk 00:02:06]
[%emt 00:04:02]} 66. Bc5 {[%clk 00:06:11] [%emt 00:00:35]} Bd5 {[%clk 00:01:58]
[%emt 00:00:39]} 67. Re8+ {[%clk 00:04:32] [%emt 00:02:09]} Kf5 {[%clk 00:01:57]
[%emt 00:00:31]} 68. Bd4 {[%clk 00:04:21] [%emt 00:00:41]} f6 {[%clk 00:02:18]
[%emt 00:00:09]} 69. Rf8 {[%clk 00:04:22] [%emt 00:00:28]} g5 {[%clk 00:02:11]
[%emt 00:00:37]} 70. hxg5 {[%clk 00:03:57] [%emt 00:00:55]} Kxg5 {[%clk
00:02:36] [%emt 00:00:04]} 71. Be3+ {[%clk 00:04:02] [%emt 00:00:25]} Kg6 {[%clk
00:03:01] [%emt 00:00:06]} 72. Rh8 {[%clk 00:04:02] [%emt 00:00:30]} Ra3 {[%clk
00:01:17] [%emt 00:02:14]} 73. Rh6+ {[%clk 00:04:17] [%emt 00:00:15]} Kg7 {[%clk
00:01:12] [%emt 00:00:34]} 74. Rxh5 {[%clk 00:04:42] [%emt 00:00:06]} Ba8 {[%clk
00:01:04] [%emt 00:00:38]} 75. Bd4 {[%clk 00:04:51] [%emt 00:00:20]} Ra4 {[%clk
00:01:18] [%emt 00:00:17]} 76. Rh4 {[%clk 00:04:22] [%emt 00:00:59]} Kg6 {[%clk
00:01:16] [%emt 00:00:32]} 77. Rh8 {[%clk 00:03:50] [%emt 00:01:01]} Bc6 {[%clk
00:00:55] [%emt 00:00:52]} 78. Rd8 {[%clk 00:03:38] [%emt 00:00:41]} Bb7 {[%clk
00:00:35] [%emt 00:00:50]} 79. Rd6 {[%clk 00:03:30] [%emt 00:00:38]} Kf7 {[%clk
00:00:41] [%emt 00:00:24]} 80. Rd7+ {[%clk 00:03:50] [%emt 00:00:10]} 1-0

[Site "Europe Echecs"]

[Event "Grand Swiss - Femmes"]
[Date "2025.09.13"]
[White "Ouellet, Maili-Jade"]
[Black "Kiolbasa, Oliwia"]
[WhiteElo "2348"]
[BlackElo "2405"]
[Round "9.9.22"]
[Result "1/2-1/2"]

1. d4 {[%clk 01:30:58] [%emt 00:00:01]} Nf6 {[%clk 01:30:53] [%emt 00:00:07]} 2.
c4 {[%clk 01:31:25] [%emt 00:00:04]} e6 {[%clk 01:31:17] [%emt 00:00:06]} 3. Nc3
{[%clk 01:31:51] [%emt 00:00:03]} Bb4 {[%clk 01:31:40] [%emt 00:00:07]} 4. e3
{[%clk 01:32:18] [%emt 00:00:04]} b6 {[%clk 01:32:03] [%emt 00:00:07]} 5. Nge2
{[%clk 01:32:21] [%emt 00:00:26]} Ne4 {[%clk 01:32:00] [%emt 00:00:33]} 6. Bd2
{[%clk 01:32:05] [%emt 00:00:47]} Nxd2 {[%clk 01:31:42] [%emt 00:00:48]} 7. Qxd2
{[%clk 01:32:29] [%emt 00:00:06]} O-O {[%clk 01:28:46] [%emt 00:03:26]} 8. a3
{[%clk 01:32:33] [%emt 00:00:27]} Be7 {[%clk 01:29:01] [%emt 00:00:14]} 9. Ng3
{[%clk 01:27:30] [%emt 00:05:32]} d6 {[%clk 01:25:27] [%emt 00:04:05]} 10. Bd3
{[%clk 01:23:19] [%emt 00:04:41]} f5 {[%clk 01:25:30] [%emt 00:00:27]} 11. Qc2
{[%clk 01:21:03] [%emt 00:02:46]} g6 {[%clk 01:23:58] [%emt 00:02:01]} 12. Nge2
{[%clk 01:14:54] [%emt 00:06:41]} Bf6 {[%clk 01:10:34] [%emt 00:13:54]} 13.
O-O-O {[%clk 01:07:11] [%emt 00:08:13]} Nd7 {[%clk 01:03:56] [%emt 00:07:08]}
14. Nf4 {[%clk 01:02:40] [%emt 00:05:01]} Qe8 {[%clk 01:02:28] [%emt 00:01:58]}
15. g4 {[%clk 00:58:29] [%emt 00:04:41]} c6 {[%clk 00:50:34] [%emt 00:12:24]}
16. gxf5 {[%clk 00:56:36] [%emt 00:02:23]} gxf5 {[%clk 00:48:27] [%emt
00:02:37]} 17. Rhg1+ {[%clk 00:53:29] [%emt 00:03:36]} Kh8 {[%clk 00:48:41]
[%emt 00:00:17]} 18. Be2 {[%clk 00:43:17] [%emt 00:10:42]} e5 {[%clk 00:41:26]
[%emt 00:07:44]} 19. Nh5 {[%clk 00:39:36] [%emt 00:04:11]} Bh4 {[%clk 00:41:45]
[%emt 00:00:12]} 20. Rg2 {[%clk 00:34:31] [%emt 00:05:35]} Nf6 {[%clk 00:37:13]
[%emt 00:05:01]} 21. Ng7 {[%clk 00:32:10] [%emt 00:02:50]} Qe7 {[%clk 00:37:31]
[%emt 00:00:12]} 22. Nxf5 {[%clk 00:26:27] [%emt 00:06:14]} Bxf5 {[%clk
00:37:54] [%emt 00:00:08]} 23. Qxf5 {[%clk 00:26:52] [%emt 00:00:04]} Nd5 {[%clk
00:37:08] [%emt 00:01:16]} 24. Nxd5 {[%clk 00:14:00] [%emt 00:13:23]} cxd5
{[%clk 00:37:31] [%emt 00:00:06]} 25. Qh3 {[%clk 00:14:00] [%emt 00:00:30]} exd4
{[%clk 00:32:37] [%emt 00:05:24]} 26. Rxd4 {[%clk 00:12:04] [%emt 00:02:26]}
Bxf2 {[%clk 00:31:39] [%emt 00:01:28]} 27. Rxd5 {[%clk 00:11:24] [%emt
00:01:11]} Qxe3+ {[%clk 00:21:37] [%emt 00:10:32]} 28. Qxe3 {[%clk 00:11:48]
[%emt 00:00:05]} Bxe3+ {[%clk 00:22:04] [%emt 00:00:03]} 29. Kc2 {[%clk
00:12:12] [%emt 00:00:06]} Rf6 {[%clk 00:22:11] [%emt 00:00:22]} 30. Bd3 {[%clk
00:09:11] [%emt 00:03:32]} Rg8 {[%clk 00:20:24] [%emt 00:02:16]} 31. Re2 {[%clk
00:08:58] [%emt 00:00:44]} Bf4 {[%clk 00:20:41] [%emt 00:00:13]} 32. Rf5 {[%clk
00:06:15] [%emt 00:03:13]} Rxf5 {[%clk 00:18:55] [%emt 00:02:16]} 33. Bxf5
{[%clk 00:06:43] [%emt 00:00:02]} Be5 {[%clk 00:17:33] [%emt 00:01:52]} 1/2-1/2

[Site "Europe Echecs"]